000 00743nam a2200289Ia 4500
005 20260324135443.0
008 008 260324s9999 xx 000 0 eng d
020 _a9781315261836
037 _aEBOOK
040 _aCRL
040 _beng
040 _cCRL
041 _2eng
041 _aeng
084 _qCRL
100 _aBrent J. Hayward; Andrew R. Lowe
_91200671
245 0 _aAviation Resource Management
245 0 _bVolume 2 - Proceedings of the Fourth Australian Aviation Psychology Symposium
260 _bTaylor and Francis
260 _c2000
365 _a
365 _b145
856 _uhttp://www.taylorfrancis.com/books/9781315261836
942 _cEBOOK
999 _c1801728
_d1801728